Analytický podhľad na ekonomické aspekty pandémie COVID-19 v SR

Ekonomické aspekty choroby COVID-19. Výsledkom negatívneho vývoja pandémie sú vážne ekonomické a finančné dopady v globálnom meradle. Najviac ohrozené sú otvorené ekonomiky, ku ktorým patrí aj Slovensko. Pandémia COVID-19 negatívne ovplyvňuje okrem rastu globálnej ekonomiky, rozvoja svetového obchod...

Ausführliche Beschreibung

Gespeichert in:
Bibliographische Detailangaben
1. Verfasser: Vravec, Ján
Weitere Verfasser: Korečko, Jaroslav
Format: Buchkapitel
Sprache:Slowakisch
Schlagworte:
Tags: Tag hinzufügen
Keine Tags, Fügen Sie das erste Tag hinzu!

MARC

LEADER 00000naa a2200000 4500
001 0272174
005 20260205072310.6
041 0 |a slo 
044 |a SK 
245 1 0 |a Analytický podhľad na ekonomické aspekty pandémie COVID-19 v SR  |c Ján Vravec, Jaroslav Korečko 
520 |a Ekonomické aspekty choroby COVID-19. Výsledkom negatívneho vývoja pandémie sú vážne ekonomické a finančné dopady v globálnom meradle. Najviac ohrozené sú otvorené ekonomiky, ku ktorým patrí aj Slovensko. Pandémia COVID-19 negatívne ovplyvňuje okrem rastu globálnej ekonomiky, rozvoja svetového obchodu a aktivity finančných trhov, aj úroveň nezamestnanosti, ekonomickú a finančnú situáciu slovenských podnikov a domácností. 
610 2 0 |a koronavírus 
610 2 0 |a pandémia 
610 2 0 |a dôsledky sociálne 
610 2 0 |a ukazovatele makroekonomické 
610 2 0 |a financie verejné 
100 1 |a Vravec, Ján 
700 1 |a Korečko, Jaroslav